Всеобщая история (Запис номер 390395)
[ съкратено ]
| 000 -Лидер | |
|---|---|
| Контролно поле с фиксирана дължина | nam a22 a 4500 |
| 003 - Код на организацията, давaща контролен номер | |
| Контролно поле | BLK |
| 005 - Дата и час на последна редакция | |
| Контролно поле | 20201021122301.0 |
| 008 - Елементи от данни с фиксирана дължина | |
| fixed length control field | 180408b bul|||||r ||||||| ||bul|| |
| 010 ## - Наследен системен номер | |
| LC control number | KNG00047748000 |
| 040 ## - Източник на каталожния запис | |
| Идентификатор на билиотеката - собственик на записа | BLK |
| 041 ## - Код за език | |
| Код за езика на текст/звукозапис или на отделно заглавие | Руски |
| Код за езика КДБФ | Руски |
| 080 ## - УДК | |
| Текстов определител УДК | Средновековна и нова обща история |
| УДК код - определител по УДК | 94 |
| УДК - код + определител | 94 |
| 100 ## - Редна дума - Автор | |
| R(LIN) | 1299 |
| Автор | Вебер, Георг |
| Авторска отговорност | първи автор |
| 139 ## - Редно поле | |
| Редна дума | Вебер, Георг |
| 245 10 - Сведения за заглавието | |
| Заглавие | Всеобщая история |
| Подзаглавни данни | Т. 1- |
| Редно поле (дума) | Георга Вебера; Пер. Андреев. |
| Том | Т. 2 |
| 250 ## - Област на изданието | |
| Сведения за изданието | 2. изд. рус. пер., перераб |
| 257 ## - Страна на издаване | |
| Страна на създаване/издаване | Русия |
| 260 ## - Област на издателските данни | |
| Име на издателя, разпространителя и проч. | К. Т. Солдатенков |
| Година на издаване | 1890-1896 |
| Място на издаване, разпространение и проч. | Москва |
| 9 (RLIN) | 218077 |
| 300 ## - Физическа характеристика | |
| Размери/Мащаб | 22 см |
| Страници | 955 с. |
| 380 ## - Жанр | |
| Жанр | История |
| 490 ## - СЕРИИ (Колекции) | |
| 9 (RLIN) | 435080 |
| Име на серия | Колекция Редки и ценни издания |
| 650 #0 - Допълнително описание по предмет – тема | |
| Основно описание – тема или топоним | История |
| 9 (RLIN) | 396464 |
| 659 ## - Тематичен бюлетин | |
| Тематичен бюлетин | Ц |
| 760 1# - Описание на основната серия | |
| Място на издаване, издател и година | 1886 |
| Страници - том | 955 с. |
| 852 ## - Местоположение | |
| Форматна сигнатура | Рр 886 |
| Фондова буква | Редки и ценни |
| 856 4# - Електронен адрес и достъп | |
| Електронен формат | pdf - файл |
| 999 ## - СИСТЕМНИ КОНТРОЛНИ НОМЕРА | |
| Koha biblionumber | 390395 |
| Koha biblioitemnumber | 390395 |
| 942 ## - АРТИКУЛИ | |
| Вид на библиотечния материал | Книги |
| Скрит в OPAC | Не |
| Периодичен библиозапис | Да |
| 944 ## - СЪЗДАВАНЕ И РЕДАКЦИЯ на ЗАПИСА | |
| Създаване/Редакция | Създаване |
| Дата на регистрацията/редакция | 08.06.2011 |
| Статус, дата на статуса | ф / |
| Служител, извършил регистрацията/редакцията | Людмила_Стоянова |
| 944 ## - СЪЗДАВАНЕ И РЕДАКЦИЯ на ЗАПИСА | |
| Създаване/Редакция | Редакция |
| Дата на регистрацията/редакция | 2020-10-21 |
| 999 ## - СИСТЕМНИ КОНТРОЛНИ НОМЕРА | |
| Koha biblioitemnumber | 43991 |
| Код за отписване | Код за изгубен артикул | Източник на класификационната схема | Код за повреда | Коз за рестрикции | Код за отдаване | Артикулен № | Име на библиотеката - собственик | Име на библиотеката, в която се намира в момента | Статус (Текущо местоположение) | Дата на вписване в системата | Местоположение - отдел | Цена в лева | Инвентарен номер | Систематично азбучна сигнатура | Баркод | Цена в евро | Служебен тип на артикула |
|---|---|---|---|---|---|---|---|---|---|---|---|---|---|---|---|---|---|
| Не е изгубен | Universal Decimal Classification | Не е повреден | само за читалня | Специални фондове ( старопечатни, редки и ценни, фонд М. Арнаудов) | 803954 | Регионална библиотека "Любен Каравелов" Русе | Регионална библиотека "Любен Каравелов" Русе | Редки и ценни | 2020-10-26 | Редки и ценни | 1.91 | 5527/58 | Рр 886 | 900000036746 | 0.98 | Книги |